LEADER 01455nam a2200313 u 4500 001 000000017643 003 CaOOAMICUS 005 20070226110600.0 008 941010s1977 it u000 u ita u 035 $a10411666 040 $aPUL$bita 100 1 $aSerra, Aristide,$cO.S.M.,$d1937-$0(OLS)http://pul/name/15860 245 10$aContributi dell'antica letteratura giudaica per l'esegesi di Giovanni 2,1-12 e 19,25-27 /$cAristide Serra. 260 $aRoma :$bHerder,$c1977. 300 $a489 p. ;$c24 cm 490 1 $aScripta Pontificiae Facultatis Theologicae "Marianum" ;$v31 500 $aComprende indici. 504 $aBibliografia: p. 19-27. 630 04$aBiblia$pN.T.$pIohannes.$nII, 1-12.$0(OLS)http://pul/subject/37968 630 04$aBiblia.$pN.T.$pIohannes.$nXIX, 25-27$xCritica e interpretazione.$0(OLS)http://pul/subject/37937 710 2 $aPontificia Facoltą teologica "Marianum".$0(OLS)http://pul/name/66 830 0$aScripta Pontificiae Facultatis Theologicae "Marianum" ;$v31.$0(OLS)http://pul/title/83 850 $aPUL 852 $aPUL$W1$xSL Religione 1$y3$m9 C 14$j24874$nBK-PRI$b $qStampati$B24874$CPULBib$Z2$F24874 $H $81 910 $aMarianum$966 941 1 $a8 961 $aINV: 45955 996 $6245$aContributi dell'antica letteratura giudaica per l'esegesi di Giovanni 2,1-12 e 19,25-27$9(OLS)http://pul/title/25249 996 $6260$aRoma :$bHerder$9(OLS)http://pul/publisher/47913 LEADER 01945nam a2200409 a 4500 001 000000136109 003 CaOOAMICUS 005 20131106180903.0 008 131106s2013 vc u000 u ita r 020 $a978-88-465-0888-1 040 $aPUL$bita 245 00$aGiovanni XXIII e Paolo VI :$bi due papi del Concilio /$cPhilippe Chenaux (ed.) 260 $aCittą del Vaticano :$bLateran University Press,$c©2013. 300 $a348 p. ;$c24 cm. 490 1 $aCentro studi sul Concilio Vaticano II ;$v3 500 $aBibliografia in nota. 600 04$aIohannes PP.$bXXIII,$cs.,$d1881-1963.$0(OLS)http://pul/subject/1939 600 04$aPaulus PP.$bVI,$csanto,$d1897-1978.$0(OLS)http://pul/subject/5648 611 24$aConcilium Vaticanum$n(2 :$d1962-1965)$xStudi.$0(OLS)http://pul/subject/18479 700 1 $aChenaux, Philippe,$d1959-$0(OLS)http://pul/name/38246 830 0$aStudi e documenti sul Concilio Vaticano II ;$v3.$0(OLS)http://pul/title/97846 850 $aPUL 852 $aPUL$W1$xSL Religione 1$y3$m27 L 3$j156884$qStampati$q $B156281$CPULBib$Z2$F156281 $H123188 $81 941 1 $a8 960 $aPapi (1963-1978 : Paulus PP. VI)$95648 960 $aPapi (1963-1978 : Paulus PP. VI)$95648 960 $aPaolo VI,$cpapa, b.,$d1897-1978$95648 960 $aMontini, Giovanni Battista,$cb.,$d1897-1978$95648 960 $aPapi (1958-1963 : Iohannes PP. XXIII)$91939 960 $aPapi (1958-1963 : Iohannes PP. XXIII)$91939 960 $aRoncalli, Angelo Giuseppe,$cs.,$d1881-1963$91939 960 $aGiovanni$bXXIII,$cpapa, s.,$d1881-1963$91939 983 0$aCentro studi sul Concilio Vaticano II . 996 $6020$a978-88-465-0888-1$9(OLS)http://pul/number/153872 996 $6245$aGiovanni XXIII e Paolo VI :$bi due papi del Concilio$9(OLS)http://pul/title/172112 996 $6260$aCittą del Vaticano :$bLateran University Press$9(OLS)http://pul/publisher/74585